[Event "Saint Louis Blitz 2017"]
[Site "Saint Louis"]
[Date "2017.08.18"]
[Round "18"]
[White "Nakamura, Hikaru"]
[Black "Caruana, Fabiano"]
[Result "1-0"]
[WhiteElo "2792"]
[BlackElo "2807"]
[Annotator "TA"]
[PlyCount "181"]
[EventDate "2017.??.??"]
[EventType "tourn"]
[EventCountry "USA"]
[SourceTitle "playchess.com"]
[Source "ChessBase"]
[SourceQuality "1"]

{[%evp 11,181,23,14,21,33,0,0,1,29,35,27,38,36,27,36,21,34,8,14,7,0,8,10,-58,48,48,48,45,45,41,47,39,52,51,60,62,64,64,133,133,142,144,147,133,141,143,150,150,150,150,179,176,180,166,182,186,197,193,200,193,201,197,220,205,226,239,227,165,230,163,192,155,182,176,250,258,330,289,362,347,313,327,440,440,439,439,600,583,522,623,992,770,791,701,817,729,927,921,904,814,1805,1338,1823,1491,2172,2002,1993,1967,1408,2015,1580,1684,2114,1753,1923,1901,2059,1898,2372,2187,1889,1721,2519,1551,7308,1300,1103,759,6314,545,797,0,2813,2826,2735,0,29969,29966,29972,2621,2068,1382,1638,1249,844,698,1078,691,677,670,1031,677,684,684,29974,29973,12830,7306,29979,29980,29980,29981,29981,29982,29986,29987,29988,29987,29986,29987,29989,29990]} 1. Nf3 d5 2. b3 c5 3. Bb2 Nc6 4. e3 a6 5. d4 cxd4 6. Nxd4 {A06: Réti Opening:1 Nf3 d5} Nf6 {LiveBook: 14 Games} 7. Nxc6 (7. Be2 Qa5+ 8. Qd2 Qc7 9. O-O e6 10. c4 Bd6 11. h3 Ne4 12. Qc1 O-O 13. Nd2 Nxd2 14. Qxd2 dxc4 15. Nxc6 Qxc6 {1-0 (48) Larino Nieto,D (2491)-Martinez Duany,L (2510) Linares 2017}) 7... bxc6 8. Nd2 {White is slightly better.} e6 9. Bd3 Be7 10. O-O $146 ({Predecessor:} 10. Qe2 O-O 11. O-O-O Nd7 12. Qh5 g6 13. Qh6 e5 {½-½ (56) Kalajzic,I (2113)-Doric,D (2307) Portoroz 2004}) 10... O-O 11. c4 a5 12. Qc2 h6 13. Nf3 Ba6 14. e4 Qb6 15. Rfe1 Rfd8 16. Rac1 Rac8 17. c5 (17. Bxf6 $11 Bxf6 18. c5 Bxd3 19. cxb6 Bxc2 20. Rxc2) 17... Qb7 (17... Bxd3 $1 $15 18. cxb6 Bxc2 19. Bxf6 (19. Rxc2 Nxe4 20. Ne5 c5 $15) 19... gxf6 20. Rxc2 Bb4) 18. Bxa6 $14 Qxa6 19. Bxf6 Bxf6 20. e5 $1 $36 {[%cal Re5f6][%mdl 2048] White is more active.} Be7 21. Nd4 Rd7 22. f4 Rb7 23. a3 Rcb8 24. Re3 Rb5 (24... Rc7 $14) 25. Rc3 Qc8 26. Nxb5 Rxb5 27. h3 Qd7 28. Qd2 Qb7 29. Qe3 Qd7 30. Qd4 Qb7 31. Rb1 Qa7 {[%cal Re7c5]} 32. b4 axb4 33. axb4 g6 34. Kh2 {[%cal Bg1h2,Bh2h1,Bh1g2,Bg2f3,Bf3e3,Be3d2,Bd2c2][%mdl 32]} Kg7 35. Rcb3 Qb7 36. Qc3 Qb8 37. Kh1 Qb7 38. g4 Qc8 39. Kg2 Kh7 (39... g5 $142 40. fxg5 Bxg5) 40. Kf3 Qd7 41. Ke3 Bh4 {Hoping for ...d4+!} 42. Kd2 Be7 (42... Kg8 $142 43. Qd3 Qa7) 43. Kc2 Qc8 44. Ra1 Qd7 45. Ra4 Rb7 46. Rba3 Bf8 47. Ra8 {[%cal Ba4a8,Ba8b8,Bb8b6][%mdl 32]} Bg7 48. R3a6 Rc7 49. h4 Qe7 50. g5 h5 51. Rb8 Qd7 52. Rbb6 Qc8 53. Kd3 d4 54. Qc2 Bf8 55. Qg2 Be7 56. Qa2 Qd7 57. Rb8 {Raa8 would kill now.} Rb7 58. Rxb7 Qxb7 $18 {[%mdl 4096] Endgame KQR-KQB} 59. Rb6 Qd7 60. Rb8 {White threatens Qa8 and mate.} Bd8 61. Ra8 (61. Qa8 Qd5 $16) 61... Bc7 62. Ra7 Kg7 63. Qc4 Qd8 64. Qxd4 Qb8 65. Ra3 Bd8 66. Qc4 Qb7 67. Kc2 Be7 68. Rd3 (68. Ra1 $142 Bd8 69. Kc3) 68... Qa7 69. Kb2 Qb7 70. Qd4 (70. Ra3 $142 Qd7 71. Qd3) 70... Bf8 71. Qc4 (71. Kb3 $142 Be7 {[#]} 72. f5 $1 {[%mdl 512]} gxf5 73. Qd7 Qxd7 74. Rxd7) 71... Be7 72. Ra3 Qd7 73. Kc2 $2 ({Only move:} 73. Qd3 $18 Qb7 74. Kc3) 73... Bf8 $2 {[%mdl 8192] [#]} (73... Qb7 $11 74. Ra6 Bd8) 74. Qd3 Qb7 75. Ra4 (75. Kc3 $142 Be7 76. Ra5 Kf8 77. Qc4 Kg7 78. Qa2 Qc7 79. Ra7 Qd8 80. Qg2 Bxc5 81. bxc5) 75... Be7 76. Kd1 Kf8 77. Ke1 Kg7 78. Kf2 Kf8 79. Kg3 Kg7 80. Kf3 Kf8 81. Ke2 Kg7 82. Kd2 Kf8 83. Kc3 Kg7 84. Ra1 Kf8 85. Ra2 {White mates.} Kg7 86. Qa6 Qd7 87. Rd2 Qc7 88. Qa8 Kh7 89. Kb3 Kg7 90. Kc2 Kh7 91. Qe8 {Precision: White = 70%, Black = 28%.} 1-0

[Event "Saint Louis Blitz 2017"]
[Site "Saint Louis"]
[Date "2017.08.18"]
[Round "18"]
[White "Anand, Viswanathan"]
[Black "Karjakin, Sergey"]
[Result "1/2-1/2"]
[WhiteElo "2783"]
[BlackElo "2773"]
[Annotator "TA"]
[PlyCount "71"]
[EventDate "2017.??.??"]
[EventType "tourn"]
[EventCountry "USA"]
[SourceTitle "playchess.com"]
[Source "ChessBase"]
[SourceQuality "1"]

{[%evp 25,71,21,16,20,16,16,21,14,15,5,15,19,19,12,14,14,14,8,14,9,2,0,0,0,0,0,0,0,3,6,5,0,0,0,0,0,0,0,0,0,0,0,0,0,0,0,0,0]} 1. e4 e5 2. Nf3 Nc6 3. Bb5 Nf6 4. O-O Nxe4 5. Re1 Nd6 6. Nxe5 Be7 7. Bf1 Nxe5 8. Rxe5 O-O 9. Nc3 {[%cal Bb1c3,Bc3d5,Bd5e3,Be3f5,Bf5e7][%mdl 32] C67: Ruy Lopez: Berlin Defence: 4 0-0 Nxe4} Ne8 10. Nd5 Bd6 11. Re1 c6 12. Ne3 Bc7 13. Nf5 d5 {LiveBook: 78 Games. The position is equal.} 14. Ne7+ Kh8 {[#] And now ...Be6 would win.} 15. Nxc8 Rxc8 16. d3 f5 {[#]} 17. g3 $146 Nf6 18. Bh3 Qd7 19. Bd2 Ng4 20. d4 Nf6 21. Re2 Rce8 22. Rxe8 Rxe8 23. Qf3 g6 24. Re1 Rxe1+ 25. Bxe1 Qe6 26. Bd2 Kg7 27. Bf1 Ne4 28. Qe2 Kf7 29. c3 Nxd2 30. Qxd2 Bd6 (30... f4 $5) 31. Bd3 Kg7 32. Qe2 Qxe2 33. Bxe2 Bc7 34. Bd3 Bd6 35. Be2 Bc7 36. Bd3 {Precision: White = 69%, Black = 93%.} 1/2-1/2

[Event "Saint Louis Blitz 2017"]
[Site "Saint Louis"]
[Date "2017.08.18"]
[Round "18"]
[White "Le, Quang Liem"]
[Black "Nepomniachtchi, Ian"]
[Result "0-1"]
[WhiteElo "2739"]
[BlackElo "2751"]
[Annotator "TA"]
[PlyCount "90"]
[EventDate "2017.??.??"]
[EventType "tourn"]
[EventCountry "USA"]
[SourceTitle "playchess.com"]
[Source "ChessBase"]
[SourceQuality "1"]

{[%evp 13,90,23,57,36,39,41,47,28,28,28,24,23,33,10,9,10,39,49,42,25,66,39,52,25,93,-11,-6,0,54,-6,-16,-13,-27,-17,-17,-54,-46,-47,-47,-73,-84,-78,-60,-56,-59,-144,-153,-149,-118,-119,-112,-126,-127,-134,-131,-138,-123,-134,-130,-131,-125,-180,-98,-102,-102,-139,-133,-292,-257,-1823,-1688,-29989,-29990,-29996,-29997,-29997,-29998,-29998,-29999]} 1. d4 f5 2. c4 Nf6 3. Nc3 d6 4. Nf3 g6 5. Bf4 {[%cal Bc1f4,Bf4g3,Bg3h4][%mdl 32]} Bg7 6. e3 O-O 7. Be2 Qe8 {LiveBook: 3 Games. A85: Dutch Defence: 2 c4 Nf6 3 Nc3} (7... c5 8. dxc5 dxc5 9. Qxd8 Rxd8 10. Ne5 Ne4 11. Nxe4 fxe4 12. O-O Bf5 13. Rad1 Na6 14. a3 g5 15. Bg3 {½-½ (36) Fressinet,L (2712)-Anton Guijarro,D (2630) Reykjavik 2015}) 8. Bg3 Nh5 9. Bh4 $146 {Black must now prevent Nd5.} ({Predecessor:} 9. Qb3 Kh8 10. h3 Nxg3 11. fxg3 e5 12. dxe5 dxe5 13. e4 Na6 14. Qc2 Nb4 15. Qb3 {0-1 (29) Boer,J-Karacsony,A (2255) Aggtelek 1995}) 9... c6 {White is slightly better.} 10. d5 Na6 11. Nd4 Nf6 12. O-O Nc7 13. Bg3 cxd5 14. cxd5 Kh8 15. Qb3 Qf7 16. Rac1 g5 17. h3 f4 18. Bh2 Qg6 (18... Ncxd5 $11 19. Bc4 e6) 19. Ne6 (19. Qc4 $16 {Strongly threatening Bd3.} Nfe8 20. Bd3) 19... Nxe6 20. dxe6 Qf5 ({Black should play} 20... fxe3 $11 21. fxe3 g4 22. hxg4 Nxg4 23. Rxf8+ Bxf8) 21. Nb5 (21. exf4 $14 gxf4 22. Rfe1) 21... Bxe6 $11 22. Nd4 Bxb3 23. Nxf5 Bxa2 24. Nxe7 Nd5 25. Nxd5 Bxd5 26. Rcd1 Bc6 27. b4 Rad8 28. b5 Be4 29. Bf3 ({White should try} 29. Bd3 $15 Bg6 30. Bxg6 hxg6 31. Rc1) 29... Bxf3 $17 30. gxf3 Be5 31. h4 h6 32. Kg2 Kg7 33. Rd2 Kf6 34. Ra2 Ra8 ({Don't take} 34... gxh4 35. Rxa7 Rd7 36. Ra4 $15) 35. Ra4 {[%cal Re3f4]} Ke6 36. Re1 Kd7 37. Kh3 (37. Rc1 $17 {was necessary.}) 37... a6 (37... Kc7 $19 38. exf4 gxf4) 38. bxa6 bxa6 {[%cal Bb7a6,Ba6a5][%mdl 32]} 39. Kg4 {[#]} a5 $1 40. hxg5 $2 (40. Rc1 $17 {was called for.}) 40... hxg5 $19 41. Kxg5 $2 (41. Kh3) 41... Ke6 {( -> ...Rh8)} 42. Bxf4 Rf5+ {Black mates.} 43. Kg6 Rg8+ 44. Kh6 Kf7 {[%cal Rg8h8]} 45. Bxe5 Rg6+ {Precision: White = 30%, Black = 59%.} 0-1